000 00519nam a22001932 4500
001 0000006136
005 20170406121247.0
008 151125s xx 000 0 eng d
020 _c$
040 _aYour Holding Symbol
_cYour Holding Symbol
100 1 _aSheen.Fulton J.
245 1 0 _aTreasure in clay.
250 _a ed.
260 _aNew york :
_bGarden city,
_c1980.
300 _a366 p. :
_bill ;
_c cm.
504 _aappendex.
650 0 _acatholic church bishops.
908 _a151125
999 _c5890
_d5890